Statistics for Countries with W

Click here to take the quiz!

General Stats

  • This quiz has been taken 35,055 times
    (35,048 since last reset)
  • The average score is 7 of 12

Answer Stats

Country % Correct
Switzerland
75%
Sweden
74%
Eswatini
70%
New Zealand
64%
Zimbabwe
57%
Norway
56%
Rwanda
53%
Malawi
51%
Botswana
47%
Taiwan
42%
Kuwait
35%
Papua New Guinea
35%

Score Distribution

Percentile by Number Answered

Percent of People with Each Score

Your Score History

You have not taken this quiz since the last reset